000 00941nam a22002657a 4500
005 20250819104847.0
008 250819b |||||||| |||| 00| 0 eng d
020 _a978-93-95400-25-1 Vol.1 (pbk)
020 _a978-93-95400-26-8 Vol.2 (pbk)
037 _cTB
040 _aAL
_cAL
041 _2URD
_aURD
084 _aO152,3x 168R2.1-2
_bAL
100 _aChoubey, Santosh
_9818087
245 _aKatha yatra
260 _aDelhi, India:
_bEducational publishing house,
_c2022.
300 _a592p. (Vol.1)
_a618p. (Vol.2)
365 _b1750.00
_cINR
546 _aTranslated from Hindi to Urdu
650 _aHindi Literature
_923866
650 _aHindi Fiction
700 _aSharma, Janki Prasad
_eTranslator
942 _2CC
_cTB
_hO152,3x 168R2.1-2
_n0
999 _c1434797
_d1434797